ဗုဒ္ဓ၏ဓမ္မအမွေများ / (Record no. 16799)

000 -LEADER
fixed length control field 00820nam a2200217Ia 4500
003 - CONTROL NUMBER IDENTIFIER
control field OSt
005 - DATE AND TIME OF LATEST TRANSACTION
control field 20260122193507.0
007 - PHYSICAL DESCRIPTION FIXED FIELD--GENERAL INFORMATION
fixed length control field ca aa aaaaa
008 - FIXED-LENGTH DATA ELEMENTS--GENERAL INFORMATION
fixed length control field 201103s9999 xx 000 0 und d
040 ## - CATALOGING SOURCE
Transcribing agency SSBUL
041 ## - LANGUAGE CODE
Language code of text/sound track or separate title bur
082 ## - DEWEY DECIMAL CLASSIFICATION NUMBER
Classification number ၂၉၄.၃ ဗုဒ်
Item number ၉၃၀၄ S-SAT
245 #0 - TITLE STATEMENT
Title ဗုဒ္ဓ၏ဓမ္မအမွေများ /
260 ## - PUBLICATION, DISTRIBUTION, ETC.
Place of publication, distribution, etc. ထုတ်ဝေသည့်နေရာမပါ ၊
Name of publisher, distributor, etc. ထုတ်ဝေသူမပါ၊
Date of publication, distribution, etc. ခုနှစ်မပါ။
300 ## - PHYSICAL DESCRIPTION
Extent ၁၃၆ စာမျက်နှာ ၊
Dimensions ၂၁ စင်တီ။
500 ## - GENERAL NOTE
General note S-SAT: Dr. Prof Sai Aung Tun
650 ## - SUBJECT ADDED ENTRY--TOPICAL TERM
Topical term or geographic name entry element ဗုဒ္ဓဘာသာ
Topical term or geographic name entry element ဘုရားရှိခိုး
9 (RLIN) 54793
Topical term or geographic name entry element ပဋိစ္စသမုပ္ပါ
9 (RLIN) 54794
942 ## - ADDED ENTRY ELEMENTS (KOHA)
Source of classification or shelving scheme
Koha item type Book (Short term)
Holdings
Withdrawn status Lost status Source of classification or shelving scheme Damaged status Not for loan Collection code Permanent Location Current Location Shelving location Date acquired Total Checkouts Full call number Barcode Date last seen Price effective from Koha item type Accession
          Special Collections Shan State Buddhist University Library Shan State Buddhist University Library Special Collection Shelves 15/02/2023   ၂၉၄.၃ ဗုဒ် ၉၃၀၄ S-SAT MB00009304 15/02/2023 15/02/2023 Book (Short term) ၉၃၀၄ S-SAT

Library - 09407999929
Admin Office - 09407999979
Dean Office - 09250910768
Registrar Office - 09892297154
Email - [email protected]
Shan State Buddhist University, Phaya Phyu Taunggyi, Shan State, Myanmar.